Normal view MARC view
  • National Research Council (U.S.).

Entry Corporate Name

Number of records used in: 23

001 - CONTROL NUMBER

  • control field: 20721

003 - CONTROL NUMBER IDENTIFIER

  • control field: NUST

005 - DATE AND TIME OF LATEST TRANSACTION

  • control field: 20190916060002.0

008 - FIXED-LENGTH DATA ELEMENTS

  • fixed length control field: 190916|| aca||aabn | a|a d

040 ## - CATALOGING SOURCE

  • Original cataloging agency: NUST
  • Transcribing agency: NUST

110 ## - HEADING--CORPORATE NAME

  • Corporate name or jurisdiction name as entry element: National Research Council (U.S.).
  • Subordinate unit: Highway Research Board.

670 ## - SOURCE DATA FOUND

  • Source citation: Work cat.: (NUST)0: Conference on Improved Street Utilization Through Traffic Engineering, Washington, D.C., 1967. 20719, Improved street utilization through traffic engineering;, 1967.
© 2023 Central Library, National University of Sciences and Technology. All Rights Reserved.